| 000 | 00715nam a22002537a 4500 | ||
|---|---|---|---|
| 001 | 14407 | ||
| 003 | BD-JhCC | ||
| 005 | 20251009104023.0 | ||
| 008 | 251009b |||||||| |||| 00| 0 eng d | ||
| 020 | _a9780141398044 | ||
| 035 | _a(BD-JhCC) 14407 | ||
| 040 |
_aBD-JhCC _dBD-JhCC |
||
| 041 | _aeng | ||
| 082 |
_223 _a823.92 _bAND |
||
| 100 | _aAndersen,Hans Christian | ||
| 245 |
_aThe Tinder Box / _cHans Christian Andersen |
||
| 260 |
_aLondon : _bPenguin Classics, _c2015 |
||
| 300 |
_a54 p.; _c16 cm _ePaper binding |
||
| 490 |
_aPenguin Little black Classics _v23 |
||
| 650 | _aChildren's stories in English, 1900- Texts | ||
| 650 | _aFairy tales | ||
| 650 | _aHistoires pour enfants | ||
| 942 |
_2ddc _cBK |
||
| 999 |
_c14407 _d14407 |
||